00890 2200289 4500001002100000005001500021035002000036007000300056040001200059100002900071245017200100250001100272300003100283504002700314041000800341082001100349084001700360090001700377264003700394336002100431337003000452338002300482650002200505850001000527008004100537990002200578INLIS00000000001347320260414113625 a0010-0825000032ta aSBPUPAD0 aCarol CooperePengarang1 aEnsiklopedia Perkembangan Anak /cCarool Cooper, Claire Halsey, Su Laurent, Karen Sullivan. Editor; Dyah Novienta Handayani, Telvenia A. Gusnaeni, Amanda Setriorini W. aCet. 1 a318 hlm :bilus., ;c27 cm acatatan Indeks hlm 312 aInd a612.65 a612.65 CAR e a612.65 CAR e aJakarta :bErlangga Group,c2009 2rdacontentaTeks 2rdamediaatanpa perantara 2rdacarrieravolume 4aPerkembangan Anak aPUPAD260414 0  a575/s/KAPD.Padang